Preisbildung, Wettbewerb und Regulierung in Wirkstoffklassen : Neue empirische Erkenntnisse zu "Analogpraparaten" im deutschen Arzneimittelmarkt /

Bibliographic Details
Main Author: Muller, Thomas artiste, (Author)
Format: eBook
Language:German
Published: Stuttgart : Ibidem-Verlag, [2014]
Subjects:
Online Access:Click to View
LEADER 01441nam a2200361 i 4500
001 EBC6335843
003 MiAaPQ
005 20220522044421.0
006 m o d |
007 cr cnu||||||||
008 220522s2014 gw ob 000 0 ger d
020 |a 9783838266718  |q (electronic bk.) 
035 |a (MiAaPQ)EBC6335843 
035 |a (Au-PeEL)EBL6335843 
035 |a (OCoLC)1195464863 
040 |a MiAaPQ  |b eng  |e rda  |e pn  |c MiAaPQ  |d MiAaPQ 
050 4 |a HD9665.5  |b .M855 2014 
082 0 |a 615.10688  |2 23 
100 1 |a Muller, Thomas artiste,  |e author. 
245 1 0 |a Preisbildung, Wettbewerb und Regulierung in Wirkstoffklassen :  |b Neue empirische Erkenntnisse zu "Analogpraparaten" im deutschen Arzneimittelmarkt /  |c Michael Thomas Muller. 
264 1 |a Stuttgart :  |b Ibidem-Verlag,  |c [2014] 
264 4 |c Ã2014 
300 |a 1 online resource (273 pages) 
336 |a text  |b txt  |2 rdacontent 
337 |a computer  |b c  |2 rdamedia 
338 |a online resource  |b cr  |2 rdacarrier 
504 |a Includes bibliographical references. 
588 |a Description based on print version record. 
590 |a Electronic reproduction. Ann Arbor, MI : ProQuest, 2018. Available via World Wide Web. Access may be limited to ProQuest affiliated libraries. 
650 0 |a Drugs  |x Marketing. 
655 4 |a Electronic books. 
797 2 |a ProQuest (Firm) 
856 4 0 |u https://ebookcentral.proquest.com/lib/matrademy/detail.action?docID=6335843  |z Click to View